| 000 | 01267cam a2200325 i 4500 | ||
|---|---|---|---|
| 001 | 19062560 | ||
| 003 | OSt | ||
| 005 | 20240220150349.0 | ||
| 008 | 160421s2016 maua b 001 0 eng | ||
| 010 | _a 2016013943 | ||
| 020 | _a9781934510537 (pbk.) | ||
| 040 |
_aDLC _beng _erda _cDLC _dDLC |
||
| 042 | _apcc | ||
| 043 | _aa-cc--- | ||
| 050 | 0 | 0 |
_aNA9265 _b.C66 2016 |
| 082 | 0 | 0 |
_a307.12160951 _223 _bCON |
| 245 | 0 | 0 |
_aCommon frameworks : _brethinking the developmental city in China / _cChristopher C.M. Lee (ed.). |
| 300 |
_a327 pages : _billustrations (some color) ; _c30 cm. |
||
| 490 | 0 | _aHarvard design studies | |
| 504 | _aIncludes bibliographical references and index. | ||
| 650 | 0 |
_aCity planning _zChina. _9120845 |
|
| 650 | 0 |
_aUrbanization _zChina. _951974 |
|
| 650 | 0 |
_aCities and towns _zChina _xGrowth. _9120846 |
|
| 700 | 1 |
_aLee, Christopher C. M., _eeditor. _9120847 |
|
| 710 | 2 |
_aHarvard University. _bGraduate School of Design, _eissuing body. _933619 |
|
| 906 |
_a7 _bcbc _corignew _d1 _eecip _f20 _gy-gencatlg |
||
| 942 |
_2ddc _cBK _aSADA _k307.12160951 CON 2016 |
||
| 999 |
_c607902 _d607902 |
||